000 00832nam a2200193 i 4500
001 166952
003 ES-MaACL
005 20230906213431.0
008 931025s1888 sp |||| | spa d
040 _aAS
_bspa
_cPAB
100 1 _aVallina y Subirana, Inocencio de la.
_9133526
245 1 0 _aDiscurso leido en la solemne apertura del curso académico de 1888 a 1889 /
_cpor Inocencio de la Vallina y Subirana.
260 _aOviedo :
_b[s.n.],
_c1888 (
_fEst. tip. de Vicente Brid)
300 _a48 p. ;
_c31 cm.
500 _aTema - Carácter general de la obra del Sr. Oliveira Martín, titulada Historia da civiliçao iberica.
594 _aPrecede al tít.: Universidad literaria de Oviedo.
710 0 _aUniversidad Literaria de Oviedo.
_97389
852 _aES-MaACL
_jT-498-F-4
_z-- Enc. hol.
_z-- Enc. en un vol. facticio
999 _c166952
_d166952